[Event "M.Botvinnik Memorial 2012"]
[Site "St. Petersburg, Russia"]
[Date "2012.08.25"]
[Round "1.1"]
[White "Areshchenko, Alexander"]
[Black "Rjanova, Valery"]
[Result "1-0"]
[WhiteElo "2691"]
[BlackElo "2208"]
[PlyCount "81"]
[EventDate "2012.08.25"]

1. e4 c5 2. Nf3 d6 3. c3 Nf6 4. Be2 g6 5. O-O Bg7 6. d3 O-O 7. Re1 Nc6 8. Bf1
Bg4 9. h3 Bxf3 10. Qxf3 Nd7 11. Qd1 b5 12. d4 Rb8 13. d5 Na5 14. Nd2 Qc7 15.
Qc2 Kh8 16. b3 e6 17. Bb2 c4 18. b4 Nb7 19. a4 a6 20. axb5 axb5 21. Nf3 e5 22.
Bc1 f5 23. Ra7 f4 24. Ng5 Ra8 25. Ne6 Qb6 26. Ra2 Rfe8 27. g3 Rxa2 28. Qxa2 Nd8
29. Nxg7 Kxg7 30. gxf4 Rf8 31. Be3 Qb7 32. Qd2 Nf7 33. Bg2 Ra8 34. fxe5 Ndxe5
35. f4 Nd3 36. Rf1 Qa6 37. Bd4+ Kg8 38. e5 dxe5 39. fxe5 Ndxe5 40. d6 Rd8 41.
Bxe5 1-0

[Event "M.Botvinnik Memorial 2012"]
[Site "St. Petersburg, Russia"]
[Date "2012.08.25"]
[Round "1.2"]
[White "Savinov, Leonid"]
[Black "Inarkiev, Ernesto"]
[Result "0-1"]
[WhiteElo "2208"]
[BlackElo "2683"]
[PlyCount "48"]
[EventDate "2012.08.25"]

1. d4 g6 2. Nf3 Bg7 3. Bf4 d6 4. e3 Nd7 5. Bc4 e5 6. dxe5 dxe5 7. Bg5 f6 8. Bh4
Nh6 9. e4 Qe7 10. Qe2 Nf7 11. Nc3 c6 12. Rd1 a5 13. O-O b5 14. Bd3 Nc5 15. Bxb5
cxb5 16. Nd5 Qb7 17. Nxf6+ Bxf6 18. Bxf6 O-O 19. Rd5 Nxe4 20. Rxb5 Qc6 21. Be7
Ba6 22. c4 Rfe8 23. Nxe5 Qe6 24. Rxa5 Qxe7 0-1

[Event "M.Botvinnik Memorial 2012"]
[Site "St. Petersburg, Russia"]
[Date "2012.08.25"]
[Round "1.3"]
[White "Tiviakov, Sergei"]
[Black "Bezgodova, Maria"]
[Result "1-0"]
[WhiteElo "2674"]
[BlackElo "2206"]
[PlyCount "45"]
[EventDate "2012.08.25"]

1. e4 e5 2. Nf3 Nc6 3. Bb5 Nf6 4. d3 d6 5. O-O Be7 6. c3 O-O 7. Re1 h6 8. Nbd2
Be6 9. d4 exd4 10. cxd4 d5 11. e5 Nd7 12. Nf1 Re8 13. Ng3 a6 14. Bd3 Nf8 15. a3
Qd7 16. h3 Na5 17. Bxh6 gxh6 18. Qd2 Nb3 19. Qxh6 f5 20. exf6 Bd6 21. Ne5 Bxe5
22. Rxe5 Nh7 23. Rh5 1-0

[Event "M.Botvinnik Memorial 2012"]
[Site "St. Petersburg, Russia"]
[Date "2012.08.25"]
[Round "1.4"]
[White "Bulatov, Ramil"]
[Black "Alekseev, Evgeny"]
[Result "0-1"]
[WhiteElo "2205"]
[BlackElo "2673"]
[PlyCount "60"]
[EventDate "2012.08.25"]

1. d4 Nf6 2. Nf3 e6 3. c4 d5 4. Nc3 Bb4 5. cxd5 exd5 6. Bg5 Nbd7 7. Qc2 c5 8.
g3 O-O 9. Bg2 h6 10. Bxf6 Nxf6 11. O-O c4 12. Ne5 Be6 13. a3 Ba5 14. Rad1 Rc8
15. f4 Rc7 16. Nb5 Re7 17. b3 cxb3 18. Qxb3 Qb6 19. Qd3 a6 20. Nc3 Qb3 21. Nb1
Qxd3 22. Rxd3 Bf5 23. Rb3 Rc8 24. g4 Bxg4 25. Bxd5 Bxe2 26. Bxb7 Rb8 27. Nc6
Rexb7 28. Rxb7 Rxb7 29. Nxa5 Rb5 30. Re1 Bd3 0-1

[Event "M.Botvinnik Memorial 2012"]
[Site "St. Petersburg, Russia"]
[Date "2012.08.25"]
[Round "1.5"]
[White "Zvjaginsev, Vadim"]
[Black "Lupik, Marina"]
[Result "1-0"]
[WhiteElo "2671"]
[BlackElo "2197"]
[PlyCount "81"]
[EventDate "2012.08.25"]

1. c4 e6 2. Nc3 d5 3. d4 c6 4. e4 dxe4 5. Nxe4 Bb4+ 6. Nc3 Nf6 7. Nf3 O-O 8.
Be2 c5 9. O-O cxd4 10. Nxd4 a6 11. Be3 Qc7 12. Rc1 Nbd7 13. a3 Be7 14. g3 g6
15. c5 Rd8 16. Qc2 e5 17. Nf3 Nf8 18. Bc4 b5 19. Ba2 Bb7 20. Ng5 Qc6 21. f3
Bxc5 22. Qe2 Bxe3+ 23. Qxe3 Kg7 24. Nxf7 Ng4 25. Nxd8 Rxd8 26. Qa7 Ra8 27. Bd5
Rxa7 28. Bxc6 Bxc6 29. fxg4 Ne6 30. Kf2 Rd7 31. Rcd1 Nd4 32. Ne2 Rf7+ 33. Ke3
Nf3 34. Rd6 Bb7 35. h3 e4 36. Nd4 Re7 37. Ne6+ Kg8 38. Rd8+ Kf7 39. Nc5 Bc6 40.
Rd6 Ba8 41. Rxa6 1-0

[Event "M.Botvinnik Memorial 2012"]
[Site "St. Petersburg, Russia"]
[Date "2012.08.25"]
[Round "1.6"]
[White "Suslova, Alena"]
[Black "Matlakov, Maxim"]
[Result "0-1"]
[WhiteElo "2196"]
[BlackElo "2663"]
[PlyCount "94"]
[EventDate "2012.08.25"]

1. c4 g6 2. g3 Bg7 3. Bg2 e5 4. Nc3 d6 5. e4 Nc6 6. Nge2 f5 7. d3 Nf6 8. O-O
O-O 9. f4 fxe4 10. dxe4 exf4 11. gxf4 Be6 12. Nd5 Qd7 13. Qd3 Bg4 14. Nec3 Nxd5
15. cxd5 Nb4 16. Qg3 c6 17. dxc6 bxc6 18. Rf2 c5 19. e5 Bf5 20. Bxa8 Rxa8 21.
Rd2 Qb7 22. Rxd6 Nc2 23. Rb1 Bf8 24. Rd1 Nd4 25. Qg2 Qc8 26. Be3 Bxb1 27. Rxb1
Rb8 28. Rd1 Qf5 29. b3 Kh8 30. Kh1 Qh5 31. Bxd4 cxd4 32. Rxd4 Rc8 33. Rd3 Qf5
34. Qd2 Be7 35. Kg2 g5 36. Nd5 Qe4+ 37. Kf2 Bc5+ 38. Kf1 gxf4 39. Nxf4 Bb6 40.
Rd6 Rc1+ 41. Qxc1 Qh1+ 42. Ke2 Qxc1 43. Nd3 Qe3+ 44. Kd1 Bd4 45. Rd8+ Kg7 46.
Nb4 Qf3+ 47. Kc2 Qc3+ 0-1

[Event "M.Botvinnik Memorial 2012"]
[Site "St. Petersburg, Russia"]
[Date "2012.08.25"]
[Round "1.7"]
[White "Timofeev, Artyom"]
[Black "Palchun, Grigory"]
[Result "1-0"]
[WhiteElo "2639"]
[BlackElo "2189"]
[PlyCount "53"]
[EventDate "2012.08.25"]

1. d4 Nf6 2. c4 e6 3. Nc3 Bb4 4. f3 d5 5. a3 Bxc3+ 6. bxc3 O-O 7. cxd5 exd5 8.
e3 Bf5 9. g4 Bg6 10. Ne2 h6 11. Nf4 Bh7 12. h4 c6 13. Ra2 Ne8 14. Rg2 Nd6 15.
g5 Kh8 16. h5 Bf5 17. Bd3 Qd7 18. gxh6 gxh6 19. Ng6+ fxg6 20. hxg6 Kg8 21. Rxh6
Rf6 22. Rgh2 Qg7 23. Kf2 Rxg6 24. Rxg6 Bxg6 25. Bxg6 Nd7 26. e4 dxe4 27. Qb3+
1-0

[Event "M.Botvinnik Memorial 2012"]
[Site "St. Petersburg, Russia"]
[Date "2012.08.25"]
[Round "1.8"]
[White "Dotsenko, Sergey"]
[Black "Khismatullin, Denis"]
[Result "0-1"]
[WhiteElo "2188"]
[BlackElo "2636"]
[PlyCount "58"]
[EventDate "2012.08.25"]

1. e4 c5 2. b4 cxb4 3. a3 e5 4. Bb2 Nc6 5. Nf3 bxa3 6. Nxa3 d6 7. Bb5 Nf6 8.
O-O Be7 9. d4 exd4 10. Nxd4 Bd7 11. Nf5 Bxf5 12. exf5 O-O 13. Nc4 a6 14. Bxc6
bxc6 15. Ra4 d5 16. Ne5 Qc7 17. Qa1 a5 18. c4 Ne4 19. Ng4 d4 20. Bxd4 f6 21.
Bc3 Bc5 22. Bd4 Bb4 23. Ne3 Rad8 24. c5 Nd2 25. Rd1 Nb3 26. Qa2 Qf7 27. Nc2
Rfe8 28. g3 Re2 29. Rd3 Rxc2 0-1

[Event "M.Botvinnik Memorial 2012"]
[Site "St. Petersburg, Russia"]
[Date "2012.08.25"]
[Round "1.9"]
[White "Khairullin, Ildar"]
[Black "Matsenko, Andrei"]
[Result "1-0"]
[WhiteElo "2633"]
[BlackElo "2188"]
[PlyCount "45"]
[EventDate "2012.08.25"]

1. d4 d5 2. c4 c6 3. Nc3 Nf6 4. Nf3 e6 5. Bg5 h6 6. Bh4 Be7 7. e3 O-O 8. Bd3
Nbd7 9. O-O b6 10. Bg3 Bb7 11. Qe2 Rc8 12. Rfd1 Re8 13. cxd5 exd5 14. Ne5 Bf8
15. Bf5 Ra8 16. f4 Bb4 17. Rac1 Nxe5 18. dxe5 Nd7 19. Qg4 Bxc3 20. Rxc3 Nf8 21.
Bh4 Qb8 22. Bf6 g6 23. Qh4 1-0

[Event "M.Botvinnik Memorial 2012"]
[Site "St. Petersburg, Russia"]
[Date "2012.08.25"]
[Round "1.10"]
[White "Pimenov, Revolt"]
[Black "Lysyj, Igor"]
[Result "0-1"]
[WhiteElo "2186"]
[BlackElo "2624"]
[PlyCount "68"]
[EventDate "2012.08.25"]

1. c4 b6 2. d4 Bb7 3. Nc3 e6 4. e4 Bb4 5. f3 f5 6. Bd3 fxe4 7. fxe4 Nf6 8. Qe2
Bxc3+ 9. bxc3 Nxe4 10. Nf3 Nf6 11. Ba3 c5 12. O-O Na6 13. Ng5 O-O 14. d5 h6 15.
Ne4 Nc7 16. Nxf6+ Rxf6 17. Rxf6 Qxf6 18. Rf1 Qe7 19. Bc1 Rf8 20. Bf4 Ne8 21.
Qg4 Rf6 22. Re1 d6 23. Bg3 e5 24. h4 Qc7 25. Bg6 Qd8 26. Bf5 Nc7 27. h5 Qf8 28.
Bd7 b5 29. cxb5 Nxd5 30. a4 Kh8 31. c4 Nf4 32. Bh4 Nxg2 33. Bxf6 Nxe1 34. Qe2
Nf3+ 0-1

[Event "M.Botvinnik Memorial 2012"]
[Site "St. Petersburg, Russia"]
[Date "2012.08.25"]
[Round "1.11"]
[White "Khalifman, Alexander"]
[Black "Nikitinyh, Boris"]
[Result "1-0"]
[WhiteElo "2621"]
[BlackElo "2185"]
[PlyCount "67"]
[EventDate "2012.08.25"]

1. d4 Nf6 2. c4 d6 3. Nf3 g6 4. Nc3 Bg7 5. e4 O-O 6. Be2 Re8 7. O-O Nc6 8. d5
Nb4 9. a3 Na6 10. Be3 Nc5 11. Nd2 a5 12. Bxc5 dxc5 13. e5 Nd7 14. f4 Nf8 15.
Nde4 b6 16. Kh1 f5 17. Ng3 Bb7 18. Bf3 e6 19. Qc2 Qe7 20. Rad1 Rad8 21. Nb5
exd5 22. cxd5 Ba6 23. a4 Qf7 24. Rfe1 Kh8 25. Ne2 Bb7 26. Nec3 g5 27. e6 Qe7
28. d6 cxd6 29. Bxb7 Qxb7 30. Nxd6 Rxd6 31. Rxd6 gxf4 32. Qxf5 Ng6 33. Nd5 Bxb2
34. e7 1-0

[Event "M.Botvinnik Memorial 2012"]
[Site "St. Petersburg, Russia"]
[Date "2012.08.25"]
[Round "1.12"]
[White "Puraev, Artemiy"]
[Black "Hovhannisyan, Robert"]
[Result "1/2-1/2"]
[WhiteElo "2183"]
[BlackElo "2612"]
[PlyCount "111"]
[EventDate "2012.08.25"]

1. d4 Nf6 2. Nf3 g6 3. g3 c5 4. Bg2 Bg7 5. O-O O-O 6. c4 cxd4 7. Nxd4 Nc6 8.
Nc3 Nxd4 9. Qxd4 d6 10. Qd2 Rb8 11. b3 a6 12. Bb2 Be6 13. Rfd1 b5 14. cxb5 axb5
15. Nd5 Bxd5 16. Bxd5 b4 17. Bf3 Qb6 18. Rac1 Rfc8 19. Rxc8+ Rxc8 20. Rc1 Rxc1+
21. Qxc1 Nd7 22. Qc8+ Nf8 23. Bc1 Qa7 24. Qa8 Qxa8 25. Bxa8 Ne6 26. Kf1 Bc3 27.
Bd5 Nc5 28. Be3 Nd7 29. f4 e6 30. Bc6 Nf6 31. Bc1 d5 32. a4 bxa3 33. Bxa3 Ne4
34. Kg2 Bg7 35. Bb5 Bf8 36. Bxf8 Kxf8 37. Bd3 Nc5 38. Bc2 Na6 39. e4 Nb4 40.
Bb1 Ke7 41. exd5 exd5 42. Kf3 Kd6 43. h4 Nc6 44. f5 Nd4+ 45. Ke3 Nxb3 46. fxg6
hxg6 47. g4 d4+ 48. Kf4 Nc5 49. h5 Ne6+ 50. Ke4 gxh5 51. gxh5 Ke7 52. Ba2 Kf6
53. Bxe6 fxe6 54. Kxd4 Kg5 55. Ke5 Kxh5 56. Kxe6 1/2-1/2

[Event "M.Botvinnik Memorial 2012"]
[Site "St. Petersburg, Russia"]
[Date "2012.08.25"]
[Round "1.13"]
[White "Demchenko, Anton"]
[Black "Manin, Viktor"]
[Result "1-0"]
[WhiteElo "2603"]
[BlackElo "2181"]
[PlyCount "106"]
[EventDate "2012.08.25"]

1. d4 d5 2. c4 c6 3. Nf3 Nf6 4. e3 a6 5. b3 Bg4 6. Be2 e6 7. Bb2 Bb4+ 8. Nfd2
Bf5 9. Nc3 Nbd7 10. O-O O-O 11. Bf3 Qe7 12. a3 Ba5 13. Re1 Rad8 14. g3 Rfe8 15.
Rc1 Bxc3 16. Bxc3 e5 17. cxd5 Nxd5 18. Ba5 b6 19. e4 bxa5 20. exf5 Qxa3 21. Nc4
Qb4 22. Nxe5 Nxe5 23. Rxe5 f6 24. Rxe8+ Rxe8 25. Kg2 Qd6 26. Qd3 Nb4 27. Qc4+
Kf8 28. Rd1 Rd8 29. h4 Qd7 30. Qc5+ Qd6 31. Qxa5 Nc2 32. Kh2 Nxd4 33. Bxc6 Rb8
34. Qc3 Qxc6 35. Qxd4 Qb6 36. Qb2 Qc5 37. Kg1 g5 38. Qd2 Ke8 39. Qd7+ Kf8 40.
Rd3 Rc8 41. Rd5 Qc1+ 42. Kg2 Qc3 43. Qd6+ Kg8 44. Qe6+ Kf8 45. Ra5 Qc6+ 46.
Qxc6 Rxc6 47. Ra2 Ke7 48. b4 Rb6 49. Rb2 Rb5 50. g4 Kd6 51. Kg3 Kd5 52. Rd2+
Kc6 53. Rd4 h6 1-0

[Event "M.Botvinnik Memorial 2012"]
[Site "St. Petersburg, Russia"]
[Date "2012.08.25"]
[Round "1.14"]
[White "Balaian, Alina"]
[Black "Andriasian, Zaven"]
[Result "0-1"]
[WhiteElo "2179"]
[BlackElo "2600"]
[PlyCount "116"]
[EventDate "2012.08.25"]

1. d4 Nf6 2. Nf3 g6 3. g3 c5 4. c3 b6 5. Bg2 Bb7 6. O-O Bg7 7. a4 O-O 8. Re1 d5
9. Qb3 Ne4 10. a5 c4 11. Qc2 bxa5 12. Nbd2 Nd6 13. b3 cxb3 14. Nxb3 Nc6 15. Nc5
Rc8 16. Bh3 Rc7 17. Qb3 Bc8 18. Bxc8 Qxc8 19. Qxd5 Rd8 20. Qb3 e5 21. e3 Qf5
22. Kg2 e4 23. Nd2 h5 24. h3 Kh7 25. Rf1 Re7 26. Qd1 Bh6 27. Ba3 h4 28. Qg4
hxg3 29. Qxg3 Qd5 30. Rfc1 Nf5 31. c4 Qxd4 32. exd4 Nxg3 33. d5 Bxd2 34. Rd1
Ne5 35. Ne6 Rxe6 36. dxe6 fxe6 37. Kxg3 Nxc4 38. Bc1 Rd3+ 39. Kh2 Bc3 40. Rxd3
exd3 41. Ra2 d2 42. Bxd2 Nxd2 43. Rc2 Nf3+ 44. Kh1 Bd4 45. Rc4 e5 46. Kg2 Ne1+
47. Kf1 Nd3 48. Ra4 Nxf2 49. Rxa5 Nxh3 50. Kg2 Ng5 51. Kg3 Kg7 52. Ra6 Bb6 53.
Kg4 Ne6 54. Ra4 Kf6 55. Rb4 Nc5 56. Kf3 e4+ 57. Kg4 Ke5 58. Kg5 e3 0-1

[Event "M.Botvinnik Memorial 2012"]
[Site "St. Petersburg, Russia"]
[Date "2012.08.25"]
[Round "1.15"]
[White "Ponkratov, Pavel"]
[Black "Kiselev, Pavel"]
[Result "1-0"]
[WhiteElo "2598"]
[BlackElo "2179"]
[PlyCount "97"]
[EventDate "2012.08.25"]

1. e4 c5 2. Nf3 d6 3. d4 cxd4 4. Nxd4 Nf6 5. Nc3 a6 6. Be3 e5 7. Nf3 Qc7 8. a4
Be7 9. Be2 O-O 10. O-O Nbd7 11. Nd2 b6 12. Bc4 Bb7 13. Qe2 Nc5 14. Rfd1 Rfc8
15. f3 h6 16. Bf2 Ne6 17. Ba2 Nf4 18. Qc4 d5 19. Qxc7 Rxc7 20. exd5 Rxc3 21.
bxc3 Ne2+ 22. Kf1 Nxc3 23. Re1 Bb4 24. Bb3 Ncxd5 25. Nc4 b5 26. axb5 Bxe1 27.
Rxe1 axb5 28. Nd6 Bc6 29. Rxe5 Rd8 30. Nf5 b4 31. Bh4 Kf8 32. Be1 Re8 33. Rxe8+
Bxe8 34. Bf2 Bd7 35. Bc5+ Kg8 36. Ne7+ Nxe7 37. Bxe7 Bb5+ 38. Kf2 Ne8 39. Bxb4
Nc7 40. Bd6 Ne6 41. c4 Bc6 42. c5 g6 43. Ke3 Kg7 44. Kd3 g5 45. Kc4 Kf6 46. Bc2
g4 47. Be4 gxf3 48. gxf3 Nd8 49. Bc7 1-0

[Event "M.Botvinnik Memorial 2012"]
[Site "St. Petersburg, Russia"]
[Date "2012.08.25"]
[Round "1.16"]
[White "Solovjova, Valentina"]
[Black "Aleksandrov, Aleksej"]
[Result "0-1"]
[WhiteElo "2175"]
[BlackElo "2597"]
[PlyCount "54"]
[EventDate "2012.08.25"]

1. e4 e5 2. Nf3 Nc6 3. d4 exd4 4. Nxd4 Bc5 5. Be3 Qf6 6. c3 Nge7 7. g3 h5 8. h3
h4 9. g4 Ng6 10. Qd2 O-O 11. Bg2 Nce5 12. Bg5 Qa6 13. Bf1 b5 14. Be2 Bb7 15.
Qc2 d5 16. Nd2 Nc4 17. Nxc4 bxc4 18. exd5 Bxd5 19. O-O Rae8 20. Bf3 Qb7 21.
Bxd5 Qxd5 22. f4 Re3 23. Kh2 Rfe8 24. Rf2 Rd3 25. Rd1 Bd6 26. Rxd3 cxd3 27. Qa4
Re1 0-1

[Event "M.Botvinnik Memorial 2012"]
[Site "St. Petersburg, Russia"]
[Date "2012.08.25"]
[Round "1.17"]
[White "Romanov, Evgeny"]
[Black "Lagashin, Pavel"]
[Result "1-0"]
[WhiteElo "2595"]
[BlackElo "2175"]
[PlyCount "41"]
[EventDate "2012.08.25"]

1. d4 Nf6 2. c4 e6 3. Nc3 Bb4 4. Nf3 O-O 5. Bg5 h6 6. Bh4 c5 7. e3 Qa5 8. Bxf6
Bxc3+ 9. bxc3 Qxc3+ 10. Nd2 gxf6 11. Rc1 Qa3 12. d5 d6 13. Rb1 exd5 14. cxd5
Bf5 15. e4 Re8 16. Bb5 Re5 17. O-O Bxe4 18. Qg4+ Bg6 19. Nc4 Qxa2 20. Qc8+ Kg7
21. Rb2 1-0

[Event "M.Botvinnik Memorial 2012"]
[Site "St. Petersburg, Russia"]
[Date "2012.08.25"]
[Round "1.18"]
[White "Gladkov, Kirill"]
[Black "Maletin, Pavel"]
[Result "0-1"]
[WhiteElo "2158"]
[BlackElo "2587"]
[PlyCount "70"]
[EventDate "2012.08.25"]

1. f4 c5 2. Nf3 g6 3. e4 Bg7 4. Nc3 Nc6 5. Bb5 Nd4 6. Bc4 d6 7. Nxd4 cxd4 8.
Ne2 Nf6 9. d3 d5 10. exd5 Nxd5 11. Ng3 O-O 12. O-O Ne3 13. Bxe3 dxe3 14. c3 b5
15. Bb3 b4 16. d4 bxc3 17. bxc3 Ba6 18. Rf3 Rc8 19. Qe1 Rxc3 20. Qxc3 Bxd4 21.
Qe1 e2+ 22. Rf2 Bxa1 23. Qxa1 Qd2 24. Nxe2 Bxe2 25. h3 Rc8 26. Kh2 Rc3 27. f5
Qd6+ 28. Kh1 Qc5 29. Qxc3 Qxc3 30. Rxe2 Qc1+ 31. Kh2 Qf4+ 32. g3 Qxf5 33. Rxe7
Qf2+ 34. Kh1 Qxg3 35. Rxf7 Qxh3+ 0-1

[Event "M.Botvinnik Memorial 2012"]
[Site "St. Petersburg, Russia"]
[Date "2012.08.25"]
[Round "1.19"]
[White "Kovalenko, Igor"]
[Black "Pischikov, Vadim"]
[Result "1-0"]
[WhiteElo "2586"]
[BlackElo "2158"]
[PlyCount "95"]
[EventDate "2012.08.25"]

1. d4 d5 2. c4 dxc4 3. e3 e6 4. Bxc4 Nf6 5. Nf3 a6 6. O-O c5 7. dxc5 Qxd1 8.
Rxd1 Bxc5 9. Be2 b6 10. Nc3 Nbd7 11. Bd2 Bb7 12. Rac1 Be7 13. Be1 Rd8 14. Nd2
Nc5 15. Nc4 Rxd1 16. Rxd1 Nfd7 17. f3 b5 18. Na5 Ba8 19. Nxb5 axb5 20. Bxb5 Kd8
21. b4 Kc7 22. bxc5 Nxc5 23. Nc4 Bd5 24. Bg3+ Kb7 25. Nd6+ Kb6 26. a4 Bb3 27.
Rb1 Rd8 28. Nxf7 Rd1+ 29. Rxd1 Bxd1 30. Be5 g6 31. Bd4 Ka5 32. Kf2 Kb4 33.
Bxc5+ Kxc5 34. Ne5 Bd6 35. Nd7+ Kb4 36. Nf6 h5 37. Be8 Bc2 38. g3 Be7 39. Ng8
Bd8 40. e4 g5 41. Nh6 h4 42. Kg2 Bd1 43. Bd7 h3+ 44. Kxh3 Bxf3 45. e5 Bc7 46.
Nf7 Bd5 47. Kg4 Kc5 48. Kxg5 1-0

[Event "M.Botvinnik Memorial 2012"]
[Site "St. Petersburg, Russia"]
[Date "2012.08.25"]
[Round "1.20"]
[White "Ustinov, Alexey"]
[Black "Fedorov, Alexei"]
[Result "0-1"]
[WhiteElo "2155"]
[BlackElo "2579"]
[PlyCount "52"]
[EventDate "2012.08.25"]

1. e4 c5 2. Nf3 d6 3. d4 cxd4 4. Nxd4 Nf6 5. Nc3 g6 6. f3 Bg7 7. Be3 a6 8. Qd2
Nbd7 9. O-O-O b5 10. Kb1 Bb7 11. g4 Rc8 12. h4 Ne5 13. Rc1 h5 14. g5 Nfd7 15.
f4 Nc4 16. Bxc4 Rxc4 17. f5 Qa8 18. fxg6 fxg6 19. Ne6 Bxc3 20. bxc3 Bxe4 21.
Bd4 Bxh1 22. Bxh8 Qd5 23. Nd4 Nc5 24. Qe3 Be4 25. Re1 Ra4 26. Nb3 Nxb3 0-1

[Event "M.Botvinnik Memorial 2012"]
[Site "St. Petersburg, Russia"]
[Date "2012.08.25"]
[Round "1.21"]
[White "Grigoryan, Avetik"]
[Black "Kukhmazov, Arsen"]
[Result "1-0"]
[WhiteElo "2579"]
[BlackElo "2154"]
[PlyCount "51"]
[EventDate "2012.08.25"]

1. Nf3 Nf6 2. c4 c6 3. Nc3 d5 4. e3 e6 5. d4 Nbd7 6. Bd3 dxc4 7. Bxc4 b5 8. Bd3
b4 9. Ne4 Nxe4 10. Bxe4 Bb7 11. Qc2 Rc8 12. a3 bxa3 13. O-O Nf6 14. b4 Nxe4 15.
Qxe4 Ba6 16. Re1 Bxb4 17. Bxa3 Bxe1 18. Rxe1 Bc4 19. Qg4 Qf6 20. Ne5 Bb5 21.
Bc5 a5 22. Qg3 h6 23. Ng4 Qd8 24. e4 f6 25. Ne5 g5 26. Qh3 1-0

[Event "M.Botvinnik Memorial 2012"]
[Site "St. Petersburg, Russia"]
[Date "2012.08.25"]
[Round "1.22"]
[White "Vardanian, Hamazasp"]
[Black "Yemelin, Vasily"]
[Result "0-1"]
[WhiteElo "2153"]
[BlackElo "2579"]
[PlyCount "82"]
[EventDate "2012.08.25"]

1. e4 c5 2. Nf3 Nc6 3. Bb5 e6 4. O-O Nge7 5. c3 a6 6. Ba4 b5 7. Bc2 Bb7 8. d4
cxd4 9. Nxd4 Qc7 10. Be3 Ng6 11. Nd2 Bd6 12. h3 O-O 13. Rc1 Rac8 14. Bb1 Bh2+
15. Kh1 Bf4 16. Qe2 Nxd4 17. Bxd4 d5 18. f3 dxe4 19. Bxe4 Bxe4 20. fxe4 e5 21.
Bf2 Rfd8 22. Rc2 Bxd2 23. Rxd2 Rxd2 24. Qxd2 Qc4 25. Re1 Qxa2 26. g3 Nf8 27.
Kg2 Ne6 28. Rd1 h6 29. Qc2 b4 30. Be1 Nd4 31. Qf2 Qb3 32. Rd3 a5 33. Qd2 bxc3
34. bxc3 Ne6 35. Rd5 Rc5 36. Bf2 Rxc3 37. Rxa5 Rc2 38. Ra8+ Kh7 39. Qd7 Qe3 40.
Qxf7 Nf4+ 41. Kh1 Qxe4+ 0-1

[Event "M.Botvinnik Memorial 2012"]
[Site "St. Petersburg, Russia"]
[Date "2012.08.25"]
[Round "1.23"]
[White "Epishin, Vladimir"]
[Black "Pogosian, Vladimir"]
[Result "1-0"]
[WhiteElo "2576"]
[BlackElo "2150"]
[PlyCount "57"]
[EventDate "2012.08.25"]

1. d4 Nf6 2. Nf3 c5 3. c4 e6 4. Nc3 cxd4 5. Nxd4 Nc6 6. a3 Qa5 7. Bf4 Ne4 8.
Ndb5 Nxc3 9. Nxc3 Qf5 10. g3 g5 11. Bd6 Bxd6 12. Qxd6 Qe5 13. Qd3 O-O 14. Rd1
b6 15. Bg2 Rb8 16. O-O f5 17. f4 Qc5+ 18. Kh1 Rf7 19. b4 Qe7 20. Nb5 gxf4 21.
gxf4 Bb7 22. Nd6 Rg7 23. Nxb7 Rxb7 24. b5 Na5 25. Bxb7 Nxb7 26. Rg1 Nc5 27.
Rxg7+ Kxg7 28. Rg1+ Kf7 29. Qh3 1-0

[Event "M.Botvinnik Memorial 2012"]
[Site "St. Petersburg, Russia"]
[Date "2012.08.25"]
[Round "1.24"]
[White "Schroer, Marcel"]
[Black "Lintchevski, Daniil"]
[Result "0-1"]
[WhiteElo "2143"]
[BlackElo "2558"]
[PlyCount "60"]
[EventDate "2012.08.25"]

1. Nf3 c5 2. c4 g6 3. Nc3 Bg7 4. g3 Nc6 5. Bg2 Nh6 6. h4 d6 7. d3 Bg4 8. h5 Qd7
9. hxg6 hxg6 10. Bd2 O-O-O 11. a3 Nf5 12. Nh2 Bh3 13. Be4 Nfd4 14. e3 f5 15.
Bxc6 Qxc6 16. Rg1 Bg4 17. Nxg4 Nf3+ 18. Ke2 Nxg1+ 19. Qxg1 fxg4 20. e4 e6 21.
Qg2 Rh5 22. Rh1 Rdh8 23. Rxh5 gxh5 24. b4 Qd7 25. b5 Rf8 26. a4 Qf7 27. Nd1 Bd4
28. Bg5 a6 29. Bf4 axb5 30. axb5 h4 0-1

[Event "M.Botvinnik Memorial 2012"]
[Site "St. Petersburg, Russia"]
[Date "2012.08.25"]
[Round "1.25"]
[White "Popov, Valerij"]
[Black "Eryshkanova, Anastasiya"]
[Result "1-0"]
[WhiteElo "2557"]
[BlackElo "2142"]
[PlyCount "91"]
[EventDate "2012.08.25"]

1. c4 Nf6 2. Nf3 c6 3. d4 d5 4. Nc3 e6 5. Bg5 Be7 6. e3 Nbd7 7. Bd3 O-O 8. O-O
Re8 9. Rc1 dxc4 10. Bxc4 Nd5 11. Ne4 Nf8 12. Bxe7 Qxe7 13. Bd3 f6 14. Qb3 Rd8
15. Rfd1 Kh8 16. Bb1 Qe8 17. Qc2 Qe7 18. a3 Bd7 19. Qc5 Be8 20. Qxe7 Nxe7 21.
Nc5 b6 22. Na6 Rac8 23. b4 Nd5 24. g4 Ng6 25. h3 Nge7 26. Kh2 Nc7 27. Nxc7 Rxc7
28. Kg3 Kg8 29. Rc3 Nd5 30. Rc4 a5 31. e4 b5 32. Rc5 Nb6 33. Ba2 Re7 34. bxa5
Na4 35. Rc2 Ra8 36. d5 exd5 37. exd5 Bf7 38. d6 Rd7 39. Bxf7+ Kxf7 40. Rxc6 Nb2
41. Rb1 Nc4 42. Rc7 Rad8 43. a4 Nxd6 44. Rxd7+ Rxd7 45. axb5 Rb7 46. Nd4 1-0

[Event "M.Botvinnik Memorial 2012"]
[Site "St. Petersburg, Russia"]
[Date "2012.08.25"]
[Round "1.26"]
[White "Aminov, Andrey"]
[Black "Onischuk, Vladimir"]
[Result "0-1"]
[WhiteElo "2142"]
[BlackElo "2547"]
[PlyCount "94"]
[EventDate "2012.08.25"]

1. e4 d6 2. d4 Nf6 3. Bd3 g6 4. c3 Bg7 5. Nf3 O-O 6. O-O Nbd7 7. Re1 e5 8. h3
h6 9. Nbd2 b6 10. Nf1 Bb7 11. Ng3 a6 12. Be3 Re8 13. d5 b5 14. Qd2 Kh7 15. Bc2
Nb6 16. Bb3 Nfd7 17. h4 a5 18. Qe2 Ba6 19. Qd1 Nc5 20. Bc2 Bc8 21. Qe2 b4 22.
cxb4 axb4 23. Qd2 Na6 24. Bd3 Rb8 25. Rec1 Na4 26. Bxa6 Bxa6 27. Qc2 Bb5 28. b3
Nc3 29. a3 Bd7 30. axb4 Nb5 31. Qd3 f5 32. Bd2 f4 33. Ne2 g5 34. hxg5 hxg5 35.
Ra5 Kg6 36. Nh2 g4 37. Nxg4 Bxg4 38. Rxb5 Rxb5 39. Qxb5 Rh8 40. Kf1 Rh1+ 41.
Ng1 Qh8 42. f3 Bxf3 43. Rxc7 Bxg2+ 44. Kxg2 Qh2+ 45. Kf3 Qg3+ 46. Ke2 f3+ 47.
Nxf3 Qg2+ 0-1

[Event "M.Botvinnik Memorial 2012"]
[Site "St. Petersburg, Russia"]
[Date "2012.08.25"]
[Round "1.27"]
[White "Yevseev, Denis"]
[Black "Andronov, Mikhail G"]
[Result "1-0"]
[WhiteElo "2535"]
[BlackElo "2139"]
[PlyCount "67"]
[EventDate "2012.08.25"]

1. Nf3 c5 2. c4 Nf6 3. Nc3 e6 4. g3 b6 5. Bg2 Bb7 6. O-O d6 7. Re1 Be7 8. e4
Nbd7 9. d4 cxd4 10. Nxd4 Qc8 11. Be3 a6 12. f4 O-O 13. Rc1 Rd8 14. Qe2 Bf8 15.
Bf2 Qc7 16. g4 g6 17. Bf3 Rac8 18. g5 Ne8 19. f5 e5 20. Nc2 f6 21. Ne3 fxg5 22.
Ned5 Qb8 23. fxg6 hxg6 24. Bg4 Bc6 25. Qf3 Kg7 26. Rf1 Nef6 27. Be1 Bxd5 28.
Nxd5 Nxg4 29. Qxg4 Qb7 30. Bd2 Nc5 31. Bxg5 Rd7 32. Rf6 Rf7 33. Rcf1 Rxf6 34.
Bxf6+ 1-0

[Event "M.Botvinnik Memorial 2012"]
[Site "St. Petersburg, Russia"]
[Date "2012.08.25"]
[Round "1.28"]
[White "Pen, Pyotr"]
[Black "Dvoirys, Semen I"]
[Result "1/2-1/2"]
[WhiteElo "2138"]
[BlackElo "2533"]
[PlyCount "88"]
[EventDate "2012.08.25"]

1. e4 c5 2. Nf3 Nc6 3. Bb5 e6 4. c3 Nf6 5. e5 Nd5 6. O-O Be7 7. d4 cxd4 8. cxd4
O-O 9. Nc3 Nxc3 10. bxc3 d6 11. Bf4 dxe5 12. Nxe5 Nxe5 13. Bxe5 Bd7 14. Qa4
Bxb5 15. Qxb5 b6 16. Rfd1 Qd5 17. Qxd5 exd5 18. Kf1 Rfc8 19. Rd3 Rc4 20. Ke2
Ra4 21. Re3 f6 22. Bf4 Kf7 23. Kd3 Rc8 24. Re2 Ra3 25. Rc2 b5 26. Rb1 a6 27.
Rb3 Ra4 28. Bc1 Ke6 29. Re2+ Kd7 30. Rc2 Bd6 31. h3 Rcc4 32. Bd2 Rc8 33. Bc1
Rb8 34. Be3 h5 35. Rb1 Ke6 36. Bd2 Kf5 37. g4+ Kg6 38. gxh5+ Kxh5 39. Rg1 Rb7
40. f4 b4 41. cxb4 Ra3+ 42. Rc3 Rxa2 43. Rc8 Rxd2+ 44. Kxd2 Bxf4+ 1/2-1/2